000 00402nam a22001697a 4500
005 20180719144437.0
008 160617b xxu||||| |||| 00| 0 eng d
020 _a970-81-8488-024-3
041 _aeng
082 _b8056
_a658.155
100 _aGupta. DR. P.K.
_94564
245 _aInsurance and risk management
260 _bHPH
_c2008
300 _a541p,
650 _aManagement
_9241
942 _cBK
999 _c3025
_d3024